|
|
|
|
| LEADER |
00000nam0a2200000 4500 |
| 001 |
144671 |
| 005 |
20231031143754.0 |
| 020 |
|
|
|a RU
|b 87-68645
|
| 035 |
|
|
|a (RuTPU)RU\TPU\book\156793
|
| 035 |
|
|
|a RU\TPU\book\156792
|
| 090 |
|
|
|a 144671
|
| 100 |
|
|
|a 20081007g1987 de y0rusy5003 ca
|
| 101 |
0 |
|
|a rus
|
| 102 |
|
|
|a RU
|
| 105 |
|
|
|a a z 000ay
|
| 200 |
1 |
|
|a Избранное
|e В 2 т.
|e для среднего и старшего школьного возраста
|h Т. 1
|f А. И. Мошковский
|g авт. предисл. И. Мотяшов ; худож. Б. Чупрыгин
|
| 210 |
|
|
|a Москва
|c Детская литература
|d 1987
|
| 215 |
|
|
|d 22 см
|e (ил.)
|a 384 с.
|
| 610 |
1 |
|
|a советская литература
|
| 610 |
1 |
|
|a избранное
|
| 610 |
1 |
|
|a повести
|
| 610 |
1 |
|
|a рассказы
|
| 675 |
|
|
|a Р2
|z rus
|
| 700 |
|
1 |
|a Мошковский
|b А. И.
|g Анатолий Иванович
|4 070
|
| 702 |
|
1 |
|a Мотяшов
|b И.
|4 080
|
| 702 |
|
1 |
|a Чупрыгин
|b Б.
|4 440
|
| 801 |
|
0 |
|a RU
|b RuMRKP
|c 19950417
|g psbo
|
| 801 |
|
1 |
|a RU
|b 63413507
|c 20081007
|g PSBO
|
| 801 |
|
2 |
|a RU
|b 63413507
|c 20081007
|g PSBO
|
| 942 |
|
|
|c BK
|